LIBRARY ONLINE CATALOGUE

A Dictionary of business and management. (Record no. 15115)

MARC details
000 -LEADER
fixed length control field 00595cam a22002052 4500
001 - CONTROL NUMBER
control field 0000012766
005 - DATE AND TIME OF LATEST TRANSACTION
control field 20151217161143.0
008 - FIXED-LENGTH DATA ELEMENTS--GENERAL INFORMATION
fixed length control field 090319s xx 000 0 eng d
020 ## - INTERNATIONAL STANDARD BOOK NUMBER
International Standard Book Number 0192806482 :
040 ## - CATALOGING SOURCE
Original cataloging agency KABU
Transcribing agency KABU
245 12 - TITLE STATEMENT
Title A Dictionary of business and management.
250 ## - EDITION STATEMENT
Edition statement 4th ed.
260 ## - PUBLICATION, DISTRIBUTION, ETC. (IMPRINT)
Place of publication, distribution, etc. Oxford :
Name of publisher, distributor, etc. O. U. P.,
Date of publication, distribution, etc. 2006.
300 ## - PHYSICAL DESCRIPTION
Extent viii, 568 p.
650 #0 - SUBJECT ADDED ENTRY--TOPICAL TERM
Topical term or geographic name as entry element Finance
Form subdivision Dictionaries.
-- 0000151840
650 #0 - SUBJECT ADDED ENTRY--TOPICAL TERM
Topical term or geographic name as entry element Business
General subdivision Dictionaries.
-- 0000169675
852 1# - LOCATION
-- p3112.50 KES
908 ## - PUT COMMAND PARAMETER (RLIN)
Put command parameter 090319
950 ## - LOCAL HOLDINGS (RLIN)
-- 1
Holdings
Withdrawn status Lost status Source of classification or shelving scheme Not for loan Home library Current library Date acquired Total Checkouts Full call number Barcode Date last seen Price effective from Koha item type
    Library of Congress Classification Not For Loan Kabarak, Main Campus Kabarak, Main Campus 17/12/2015   HF1001 .D53 2006 c. 1 17241 17/12/2015 17/12/2015 Reference